ՄԱՅՐ ԱԹՈՌ ՍՈՒՐԲ ԷՋՄԻԱԾԻՆ

«ՎԱՉԵ ԵՎ ԹԱՄԱՐ ՄԱՆՈՒԿՅԱՆ» ՄԱՏԵՆԱԴԱՐԱՆ

Jesus, Paul and Torah. (Record no. 72100)

MARC details
000 -LEADER
fixed length control field 00802nam a22002537a 4500
003 - CONTROL NUMBER IDENTIFIER
control field SEM
005 - DATE AND TIME OF LATEST TRANSACTION
control field 20220608074937.0
008 - FIXED-LENGTH DATA ELEMENTS--GENERAL INFORMATION
fixed length control field 220120s1992 uk ||||gr|||||001 0 eng|d
020 ## - INTERNATIONAL STANDARD BOOK NUMBER
International Standard Book Number 1850752370
040 ## - CATALOGING SOURCE
Original cataloging agency SEM
Transcribing agency SEM
041 ## - LANGUAGE CODE
Language code of text/sound track or separate title eng
Language code of original germ
082 ## - DEWEY DECIMAL CLASSIFICATION NUMBER
Classification number 225.7/R-17
100 ## - MAIN ENTRY--PERSONAL NAME
Personal name Räisänen Heikki
245 ## - TITLE STATEMENT
Title Jesus, Paul and Torah.
Remainder of title Collected essays /
Statement of responsibility, etc. H. Räisänen; Trl.: D. E. Orton
260 ## - PUBLICATION, DISTRIBUTION, ETC.
Place of publication, distribution, etc. England :
Name of publisher, distributor, etc. Sheffield academic press,
Date of publication, distribution, etc. 1992.
300 ## - PHYSICAL DESCRIPTION
Extent 286 p. ;
Dimensions 22 cm
490 ## - SERIES STATEMENT
Series statement Journal from the study of the New Testament: Supplement series
Volume/sequential designation 43
504 ## - BIBLIOGRAPHY, ETC. NOTE
Bibliography, etc. note Indexes p.: 278-286
650 ## - SUBJECT ADDED ENTRY--TOPICAL TERM
Topical term or geographic name entry element New Testament
General subdivision discusses
653 ## - INDEX TERM--UNCONTROLLED
Uncontrolled term ՍԷՄ
700 ## - ADDED ENTRY--PERSONAL NAME
Personal name Orton David
Relator term trl.
830 ## - SERIES ADDED ENTRY--UNIFORM TITLE
Uniform title Journal from the study of the New Testament: Supplement series
Version 43
942 ## - ADDED ENTRY ELEMENTS (KOHA)
Source of classification or shelving scheme Dewey Decimal Classification
Koha item type Գրքեր/Books
Holdings
Withdrawn status Lost status Source of classification or shelving scheme Damaged status Not for loan Collection code Home library Current library Date acquired Cost, normal purchase price Inventory number Total Checkouts Full call number Barcode Date last seen Price effective from Koha item type Public note
    Dewey Decimal Classification     Գրապահոց Մայր Աթոռ Սուրբ Էջմիածին «Վաչե և Թամար Մանուկյան» Մատենադարան Մայր Աթոռ Սուրբ Էջմիածին «Վաչե և Թամար Մանուկյան» Մատենադարան 20/01/2022 4000.00 E-6878   225.7/R-17 E-6878 20/01/2022 20/01/2022 Գրքեր/Books Սպասարկվում է ընթերցասրահ